| 000 | 00551cam a2200193 4500 | ||
|---|---|---|---|
| 001 | D15258 | ||
| 008 | 090401t1971 xxu||||| |||| 00| 0 eng d | ||
| 035 | _a(Sirsi) u21525 | ||
| 041 | _aeng | ||
| 100 | _aNisbet, James | ||
| 245 | _aConstruction costs and the Chartered Quantity Surveyor | ||
| 260 |
_bRICS _c1971 |
||
| 300 | _a12p | ||
| 350 | _a0 | ||
| 520 | _aProperty development seminar, Hamburg, 23 September 1971; Filed in box 1971/19 ABC | ||
| 710 |
_aRoyal Institution of Chartered Surveyors _94900 |
||
| 942 | _n0 | ||
| 948 | _c04/03/1997 | ||
| 999 |
_c87999 _d87999 |
||